Teorija i praktika normirovanija truda v otraslevych naučno-techničeskich organizacijach

Salvato in:
Dettagli Bibliografici
Autore principale: Janson, Eduard Žanovič
Natura: Libro
Lingua:russo
Pubblicazione: Leningrad Universitet 1985
Tags: Aggiungi Tag
Nessun Tag, puoi essere il primo ad aggiungerne!!

MARC

LEADER 00000nam a2200000 4500
001 c104956
005 20041019155133.5
041 0 |a rus 
044 |a RU 
245 1 0 |a Teorija i praktika normirovanija truda v otraslevych naučno-techničeskich organizacijach  |c Eduard Žanovič Janson 
264 1 |a Leningrad  |b Universitet  |c 1985 
300 |a 103 s. 
100 1 |a Janson, Eduard Žanovič